000 00441cam a2200157u 4500
082 _a796.323
_bQUR
_cL-32, P-64
100 1 _aQureshi, AW
_944562
245 0 0 _aBasket ball,
260 _aRawalpindi,
_bCentral Army Press, GHQ
300 _a16 p.
_c16 cm.
526 _a0
_b0
_c0
_d796_323000000000000_QUR
650 0 _aBasketball.
_944563
650 0 _aMCE
_9379
856 4 1 _uhttp://hdl.loc.gov/loc.gdc/scd0001.00420141105
942 _2ddc
_cBK
999 _c548325
_d548325